Accelerating the introduction of disruptive technologies: a framework for understanding and improving the e-car purchasing decision by customers dizertačná práca

Na minha lista:
Detalhes bibliográficos
Autor principal: Paetsch, Michael
Autor Corporativo: Fakulta podnikového manažmentu EU. Katedra podnikových financií
Outros Autores: Dorčák, Peter, 1979-
Formato: Livro
Idioma:inglês
Publicado em: Bratislava 2017
Assuntos:
Tags: Adicionar Tag
Sem tags, seja o primeiro a adicionar uma tag!

MARC

LEADER 00000nbm a2200000 4500
001 0230055
005 20230302104111.0
041 0 |a eng 
044 |a SK 
245 1 0 |a Accelerating the introduction of disruptive technologies: a framework for understanding and improving the e-car purchasing decision by customers  |b dizertačná práca  |c Michael Paetsch ; školiteľ: Peter Dorčák 
264 1 |a Bratislava  |c 2017 
300 |a 171 s. 
610 2 0 |a elektromobily 
610 2 0 |a nákup 
610 2 0 |a technológie nové 
610 2 0 |a technológie bezodpadové 
100 1 |a Paetsch, Michael 
700 1 |a Dorčák, Peter, 1979- 
710 2 |a Fakulta podnikového manažmentu EU. Katedra podnikových financií